Test Rapido Sobre Guatemala - Estadísticas

Estadísticas generales
  • Esta prueba ha sido intentada 7 veces
  • La puntuación promedio es 3 de 10
Estadísticas de respuestas
Hint Respuesta % Correcto
¿Cuál es la capital de Guatemala? Ciudad de Guatemala
100%
¿Qué país limita al norte con Guatemala? México
67%
¿Qué moneda se utiliza en Guatemala? Quetzal
67%
¿Cómo se llama el ave nacional de Guatemala? Quetzal
67%
¿Cómo se llama el antiguo sitio arqueológico maya más famoso del país? Tikal
33%
¿Qué idioma indígena es uno de los más hablados en Guatemala? K'iche'
0%
¿Qué lago es el más profundo de Centroamérica y está en Guatemala? Lago de Atitlán
0%
¿Qué civilización antigua habitó gran parte del territorio guatemalteco? Los mayas
0%
¿Quién fue el líder indígena que luchó contra los conquistadores españoles? Tecún Umán
0%
¿Qué volcán es uno de los más activos en Guatemala? Volcán de Fuego
0%
No se encontraron pruebas coincidentes
Distribución de puntuación
Porcentaje de gente con cada puntuación
Porcentaje por número respondido
Historial de tus puntuaciones
No has intentado esta prueba.